Diálogo, ecos y recovecos: la comunicación científica en el ámbito académico/
Guardado en:
| Hovedforfatter: | |
|---|---|
| Andre forfattere: | , , |
| Format: | Bog |
| Sprog: | Spanish |
| Tags: |
Tilføj Tag
Ingen Tags, Vær først til at tagge denne postø!
|
MARC
| LEADER | 00000nam a22000007a 4500 | ||
|---|---|---|---|
| 003 | cru CIDCACS/IIS | ||
| 005 | 20161116110046.0 | ||
| 007 | ta | ||
| 008 | 161116s2015 cr ||||| |||| 00| 0 spa d | ||
| 040 | |c cru CIDCACS/IIS | ||
| 100 | 1 | |9 463 |a Castillo Vargas, Andrés | |
| 245 | 1 | |a Diálogo, ecos y recovecos: |b la comunicación científica en el ámbito académico/ |c Andrés Castillo Vargas, Tatiana Blanco Álvarez, Esteban Montenegro Montenegro, Carlos Mata Marín | |
| 300 | |a páginas 59-70 | ||
| 700 | 1 | |9 464 |a Blanco Álvarez, Tatiana | |
| 700 | 1 | |9 465 |a Montenegro Montenegro, Esteban | |
| 700 | 1 | |9 466 |a Mata Marín, Carlos | |
| 773 | 0 | |0 18728 |9 148 |a Universidad de Costa Rica |d San José, Costa Rica Editorial UCR 1956- |o R19001 |t Revista de Ciencias Sociales/ | |
| 942 | |2 ddc |c PP | ||
| 999 | |c 18732 |d 18732 | ||
